000 00386 a2200157 4500
001 150294
040 _cEscola São Tomás de Aquino
100 _aDAFOE, Daniel
240 1 0 _aRobison Crusoé
_lpor
245 1 0 _aRobison Crusoé
300 _a142
362 0 _a2009
440 1 _aModerna
697 _aCaricaturas, desenho animado, cômico, fotonovelas / Quadrinhos
942 _cBK
999 _c150294
_d150294